000 00375nam a22001697a 4500
003 UA-OsUOA
001 4140
007 ta
008 20050721b un ||||| |||| 00| 0 ukr d
100 _aMuller
700 _aHelmut M.
942 _cBK
040 _aUA-OsUOA
_cUA-OsUOA
_dUA-OsUOA
245 _aSchlaglichter der deutschen Geschichte.
_bGerman
955 _a2
650 7 _2UDC
999 _c290302
_d290302